Enzymes biotechnology (Record no. 15498)
[ view plain ]
| 000 -LEADER | |
|---|---|
| fixed length control field | 00338nam a22001457a 4500 |
| 020 ## - INTERNATIONAL STANDARD BOOK NUMBER | |
| ISBN | 9788123918297 |
| 082 ## - DEWEY DECIMAL CLASSIFICATION NUMBER | |
| Classification number | 660.634 |
| Item number | GRA/EN |
| 100 ## - MAIN ENTRY--AUTHOR NAME | |
| Personal name | Gray, N |
| 245 ## - TITLE STATEMENT | |
| Title | Enzymes biotechnology |
| 260 ## - PUBLICATION, DISTRIBUTION, ETC. (IMPRINT) | |
| Place of publication | New Delhi |
| Name of publisher | CBS Publishers |
| Year of publication | 2010 |
| 300 ## - PHYSICAL DESCRIPTION | |
| Number of Pages | 586 |
| 700 ## - ADDED ENTRY--PERSONAL NAME | |
| Personal name | Calvin, M |
| 700 ## - ADDED ENTRY--PERSONAL NAME | |
| Personal name | Bhatia, S.C |
| 942 ## - ADDED ENTRY ELEMENTS (KOHA) | |
| Koha item type | Books |
| Withdrawn status | Lost status | Damaged status | Home library | Current library | Date acquired | Full call number | Accession Number | Koha item type |
|---|---|---|---|---|---|---|---|---|
| KAUAET | KAUAET | 31/07/2018 | 660.634 GRA/EN | 23920 | Books |
